000 01056nam a2200217Ia 4500
003 GCL
005 20240530104940.0
008 140319s9999 xx 000 0 ara d
040 _aGCL /
_cGCL
082 0 4 _aق
_b953.0738
_bم د
100 1 _aممدوح عبدالرحمن عبدالرحيم الريطى
245 1 0 _aدور القبائل العربية فى صعيد مصر منذ الفتح الاسلامى حتى قيام الدولة الفاطمية :
_bواثرها فى النواحى السياسية والاقتصادية والاجتماعية والثقافية (21 هـ - 358 هـ - 641 - 969 م) /
_cممدوح عبدالرحمن عبدالرحيم الريطى
260 _aالقاهرة :
_bمكتبة مدبولى ،
_c1996
300 _a362 ص ؛
_c24 سم
490 _aالهيئة العامة للاستعلامات
_v0
650 0 4 _aالتاريخ الاسلامى
650 0 4 _aالعرب
650 0 4 _aالقبائل العربية
650 0 4 _aشبه الجزيرة العربية - تاريخ
942 _2ddc
_cBK
999 _c51999
_d51999